[Event "Rome d'Inverno op 2nd"]
[Site "Rome"]
[Date "2006.02.05"]
[Round "5"]
[White "Ferraguto, Andrea"]
[Black "Corso, Sergio"]
[Result "0-1"]
[WhiteElo "2039"]
[BlackElo "2302"]
[PlyCount "88"]
[EventDate "2006.02.03"]
[EventType "swiss"]
[EventRounds "5"]
[EventCountry "ITA"]
[SourceTitle "EXT 2007"]
[Source "ChessBase"]
[SourceDate "2006.11.23"]
[SourceVersion "1"]
[SourceVersionDate "2006.11.23"]
[SourceQuality "1"]

1. e4 c5 2. Nf3 e6 3. d4 cxd4 4. Nxd4 Nc6 5. Nc3 d6 6. Be2 Nf6 7. 0-0 Be7 8. Be3 0-0 9. f4 Qc7 10. Qe1 Nxd4 11. Bxd4 e5 12. fxe5 dxe5 13. Qg3 Bc5 14. Bxc5 Qxc5+ 15. Kh1 Qe7 16. Rad1 a6 17. Bf3 Bd7 18. Rfe1 Rae8 19. Nd5 Nxd5 20. exd5 Qd6 21. c4 b6 22. a3 a5 23. Rc1 a4 24. Qf2 Rc8 25. Qd2 f5 26. Qb4 Rc5 27. Bd1 Ra8 28. Qc3 e4 29. b4 axb3 30. Qxb3 Rf8 31. Rb1 Rf6 32. Bc2 Ra5 33. Qb4 Qe5 34. Rb3 Rh6 35. h3 Rc5 36. Qc3 Qd6 37. Qd4 Ra5 38. Reb1 Ra6 39. Rb4 Rxa3 40. R4b3 Rxb3 41. Rxb3 Rg6 42. Rc3 Qf4 43. Qd1 Qf2 44. Qg1 Qd2 0-1